| 000 -LEADER | |
|---|---|
| fixed length control field | 00387nam a22001697a 4500 |
| 005 - DATE AND TIME OF LATEST TRANSACTION | |
| control field | 20160528111913.0 |
| 008 - FIXED-LENGTH DATA ELEMENTS--GENERAL INFORMATION | |
| fixed length control field | 160528b xxu||||| |||| 00| 0 eng d |
| 020 ## - INTERNATIONAL STANDARD BOOK NUMBER | |
| ISBN | 81-7808-586-0 |
| 041 ## - LANGUAGE CODE | |
| Language code of text/sound track or separate title | eng |
| 082 ## - DEWEY DECIMAL CLASSIFICATION NUMBER | |
| Item number | 5751 |
| 100 ## - MAIN ENTRY--AUTHOR NAME | |
| Personal name | Keegan, H.S. |
| 245 ## - TITLE STATEMENT | |
| Title | Global Marketing Management |
| 260 ## - PUBLICATION, DISTRIBUTION, ETC. (IMPRINT) | |
| Name of publisher | Pearsons |
| Year of publication | 2003 |
| 300 ## - PHYSICAL DESCRIPTION | |
| Number of Pages | 595 |
| 650 ## - SUBJECT ADDED ENTRY--TOPICAL TERM | |
| Topical Term | Management |
| 942 ## - ADDED ENTRY ELEMENTS (KOHA) | |
| Koha item type | Books |
| Lost status | Damaged status | Collection code | Home library | Current library | Shelving location | Date acquired | Cost, normal purchase price | Full call number | Accession Number | Koha item type |
|---|---|---|---|---|---|---|---|---|---|---|
| MANAGEMENT | JRU Library | JRU Library | SHELF-71-D | 28/05/2016 | 275.00 | 5751 | 5751 | Books | ||
| MANAGEMENT | JRU Library | JRU Library | SHELF-71-D | 28/05/2016 | 275.00 | 5751 | 5752 | Books | ||
| MANAGEMENT | JRU Library | JRU Library | SHELF-71-D | 28/05/2016 | 275.00 | 5751 | 5753 | Books | ||
| Reference | JRU Library | SHELF-29-G | 28/05/2016 | 275.00 | 5751 | 5754 | Books |